000
00325 a2200157 4500
001
164106
020
_a
040
_c
Magnum
100
_a
Wyss, Johann
240
1
0
_a
Os robinsons suicos
_l
por
245
1
0
_a
Os robinsons suicos
362
0
_a
1899
440
1
_a
Ediouro
697
_a
IJ/AVENTURA, CRIANCAS
942
_c
BK
999
_c
164106
_d
164106